| 000 | 01872cam a22003735a 4500 | ||
|---|---|---|---|
| 001 | ##L134970 | ||
| 008 | 060913s2006 001 0 eng u | ||
| 020 | _a0421954302 | ||
| 035 | _a(Sirsi) u134970 | ||
| 041 | 0 | _aeng | |
| 050 | 0 | 4 | _a346.41032 $2 18 |
| 100 | 1 | _aWalton, Christopher | |
| 245 | 0 | 0 | _aCharlesworth and Percy on negligence |
| 250 | _a11th ed. | ||
| 260 |
_aLondon _bSweet and Maxwell _c2006 |
||
| 300 |
_acclx, 1222p. _c24cm. |
||
| 350 | _a275 | ||
| 490 | 0 | _aSweet and Maxwell Common Law Library | |
| 505 | 2 | _aGeneral principles: The meaning of negligence -- The duty to take care -- Principal defences and discharges from liability -- Damages -- Proof and causation | |
| 505 | 2 | _aStandard of care: The standard of care -- Dangerous premises -- Persons professing some special skill -- Highways and transport -- Employment at common law | |
| 505 | 2 | _aStatutory duty: Liability for breach of statutory duty | |
| 505 | 2 | _aAbsolute or strict liability: Dangerous things "Rylands v Fletcher" -- Animals -- Products liability | |
| 505 | 2 | _aDeath: Death and causes of action | |
| 505 | 2 | _aMiscellaneous matters: Insurance and other compensation schemes | |
| 520 | _aThe standard work on professional negligence, covering the liability of occupiers, quantity surveyors, auctioneers, valuers, estate agents and quasi-arbitrators. Tables of cases, statutory instruments, civil procedure rules, civil procedure rules practice directions, European directives and European and international conventions and treaties. | ||
| 520 | _aSupersedes tenth edition (ISBN 0421825901) | ||
| 590 | _aIKA031006 | ||
| 651 | 4 |
_aEngland and Wales _y1543- |
|
| 690 | _aMANAGEMENT-BUSINESS MANAGEMENT-PROFESSIONAL PRACTICE-NEGLIGENCE | ||
| 700 | 1 | _aCooper, Roger | |
| 700 | 1 | _aWood, Simon E. | |
| 700 | 1 |
_aPercy, Rodney _eConsultant Editor |
|
| 942 | _n0 | ||
| 999 |
_c105871 _d105871 |
||